| 000 | 00613nam a22002057a 4500 | ||
|---|---|---|---|
| 003 | OSt | ||
| 005 | 20221213151003.0 | ||
| 008 | 221213s1997 mx a|||gr6||| 00| j spa d | ||
| 040 |
_aCO-JMCR _cCO-JMCR |
||
| 041 | 1 |
_aspa _heng |
|
| 082 | 0 | 4 |
_aH / _bKESs |
| 100 | 1 |
_aKesel, Karl, _eautor _942533 |
|
| 245 | 1 | 0 |
_aSpider-Boy / _cKarl Kesel ; Mike Wieringo, dibujo |
| 250 | _aPrimera edición | ||
| 260 |
_aMéxico : _bGrupo Editorial VID, _c1997 |
||
| 300 |
_a24 páginas : _bilustraciones a color ; _c26 cm |
||
| 650 | 1 | 4 |
_aTiras cómicas _95616 |
| 700 | 1 |
_aWieringo, Mike, _eilustrador _942534 |
|
| 942 |
_2ddc _cBK |
||
| 999 |
_c29797 _d16181 |
||